000 00753nam a2200229Ia 4500
008 130821s1987 ck gr spa
020 _a9580602301
040 _aCo-BoUCM
_bspa
041 0 0 _aspa
100 1 _aMartin, Malaquías Brendan
_qMalachi Martin
_d1921-1999
_9166736
245 1 0 _aVaticano
_cMalachi Martin ; traducción, Patricio Cano
260 _aBogotá (Colombia)
_bLa Oveja Negra
_c1987
300 _a590 páginas
500 _aIncluye índice general.
650 0 4 _aLiteratura europea
_926524
650 0 4 _aLiteratura irlandesa
_918691
650 0 4 _aNovela irlandesa
_920532
700 1 _aCano, Patricio
_etrad.
_9166737
765 _tVatican
942 _cLIBRO
_a18
_e1
_mM379v
_2DEWEY
_h823.5
999 _c66501
_d66501